000 00377nam a2200133Ia 4500
005 20251222143316.0
008 251222s9999||||xx |||||||||||||| ||spa||
020 _a84-7434-377-1
082 _a331.4/W47
100 _aWerneke, Diane
245 0 _aLa MicroelectrĂșnica y los Puestos de Trabajo en Oficinas:
264 _bMinisterio de Trabajo y Seguridad Social
942 _cLIB
999 _c15907
_d15907